000 00839cam a2200241 4500
001
008 000000n2001 000 0 eng u
020 _a1860814603
035 _a(Sirsi) u111064
100 _aJohnson, Roger
110 _aBuilding Research Establishment
245 _aProtective measures for housing on gas-contaminated land.
260 _aGarston, Watford
_bBRE
_c2001
300 _aiv,66p. : ill. ; 30cm.
350 _a44.00
490 _aBR
_v414
520 _aA practical guide to current good practice for passive soil gas protective measures for new and existing residential development. Deals mainly with methane and carbon dioxide but can also be applied to radon.
650 _aSOIL GASSES
650 _aCONTAMINATED LAND
650 _aVOLATILE ORGANIC COMPOUNDS
690 _aHOUSING
942 _n0
999 _c101192
_d101192